[Event "Montreal Mercredi 02"]
[Site "Montreal"]
[Date "2018.02.21"]
[Round "1"]
[White "Brassard, Sylvain"]
[Black "Zumsteg, Nicolas"]
[Result "1-0"]
[WhiteElo "1884"]
[BlackElo "1860"]
[PlyCount "128"]
[EventDate "2018.02.21"]
[EventType "swiss"]
[EventRounds "5"]
[EventCountry "CAN"]
[SourceTitle "EXT 2022"]
[Source "ChessBase"]
[SourceDate "2021.10.06"]
[SourceVersion "1"]
[SourceVersionDate "2021.10.06"]
[SourceQuality "1"]

1. d4 Nf6 2. Nf3 d5 3. Bf4 e6 4. e3 c5 5. c3 Nh5 6. Bg5 Be7 7. Bxe7 Qxe7 8. Be2 0-0 9. Nbd2 b6 10. 0-0 Ba6 11. Bxa6 Nxa6 12. Qe2 Nc7 13. Ne5 Nf6 14. f4 Ne4 15. Qd3 Nxd2 16. Qxd2 f6 17. Nf3 Ne8 18. Qc2 Nd6 19. Rae1 Ne4 20. Nd2 Nxd2 21. Qxd2 f5 22. Qe2 c4 23. Kh1 b5 24. g4 fxg4 25. Qxg4 Rf6 26. Qh4 Qf7 27. Rg1 Rg6 28. Rg5 Rxg5 29. Qxg5 h6 30. Qe5 Qf5 31. e4 Qxe5 32. fxe5 dxe4 33. Rxe4 Rf8 34. Kg2 g5 35. h4 Kg7 36. hxg5 hxg5 37. Re3 Rh8 38. Rf3 Rh6 39. b3 cxb3 40. axb3 Rh8 41. Kg3 a5 42. Kg4 Rc8 43. Kxg5 a4 44. bxa4 bxa4 45. Rf6 Rxc3 46. Rxe6 Kf7 47. d5 Rd3 48. Rf6+ Ke8 49. d6 Kd7 50. Kf4 a3 51. Ke4 Rd2 52. Rf7+ Ke8 53. Ra7 a2 54. Kf5 Rh2 55. Ke6 Rh6+ 56. Kd5 Rh2 57. Ra8+ Kf7 58. e6+ Kf6 59. e7 Rh8 60. Rxa2 Kf7 61. Rf2+ Ke8 62. Kc6 Rg8 63. Rf8+ Rxf8 64. exf8Q+ Kxf8 1-0

[Event "Montreal Mercredi 10"]
[Site "Montreal"]
[Date "2017.10.11"]
[Round "1"]
[White "Jacquet, Stephane"]
[Black "Zumsteg, Nicolas"]
[Result "0-1"]
[WhiteElo "1987"]
[BlackElo "1860"]
[PlyCount "44"]
[EventDate "2017.10.11"]
[EventType "swiss"]
[EventRounds "5"]
[EventCountry "CAN"]
[SourceTitle "EXT 2022"]
[Source "ChessBase"]
[SourceDate "2021.10.06"]
[SourceVersion "1"]
[SourceVersionDate "2021.10.06"]
[SourceQuality "1"]

1. d4 Nf6 2. Nc3 d5 3. Bg5 e6 4. e4 Be7 5. e5 Ne4 6. Nxe4 Bxg5 7. Nxg5 Qxg5 8. Nf3 Qe7 9. c3 c5 10. Bd3 Nc6 11. dxc5 Qxc5 12. 0-0 Bd7 13. Re1 Qe7 14. b4 a6 15. h4 0-0 16. h5 f5 17. Qd2 h6 18. Qf4 Be8 19. g4 fxg4 20. Qxg4 Qf7 21. Nh4 Qxf2+ 22. Kh1 Rf4 0-1

[Event "Montreal Mercredi 08"]
[Site "Montreal"]
[Date "2017.09.04"]
[Round "2"]
[White "Zumsteg, Nicolas"]
[Black "Beaulieu, Pierre"]
[Result "0-1"]
[WhiteElo "1811"]
[BlackElo "1829"]
[PlyCount "74"]
[EventDate "2017.08.30"]
[EventType "swiss"]
[EventRounds "5"]
[EventCountry "CAN"]
[SourceTitle "EXT 2022"]
[Source "ChessBase"]
[SourceDate "2021.10.06"]
[SourceVersion "1"]
[SourceVersionDate "2021.10.06"]
[SourceQuality "1"]

1. e4 b6 2. d4 Bb7 3. Nc3 e6 4. Bd3 Nf6 5. Nge2 c5 6. Bf4 a6 7. f3 cxd4 8. Nxd4 d6 9. Be3 Nbd7 10. Qd2 Ne5 11. Be2 Qc7 12. 0-0-0 Nc4 13. Bxc4 Qxc4 14. Nb3 Nd7 15. Qf2 Qc6 16. g4 Be7 17. h4 h5 18. f4 Nf6 19. Bxb6 Nxg4 20. Qg1 0-0 21. Na5 Qc8 22. Nxb7 Qxb7 23. e5 dxe5 24. fxe5 Rab8 25. Na4 Rfc8 26. b3 Qe4 27. c4 Qxe5 28. Bd4 Qf4+ 29. Kc2 e5 30. Re1 Bb4 31. Bc3 Qf5+ 32. Kc1 Bxc3 33. Nxc3 Qd3 34. Ne4 Rxc4+ 35. Kb2 Rxe4 36. Rd1 Re2+ 37. Ka3 Qb5 0-1

[Event "Montreal Mercredi 04"]
[Site "Montreal"]
[Date "2017.01.11"]
[Round "2"]
[White "Brassard, Sylvain"]
[Black "Zumsteg, Nicolas"]
[Result "0-1"]
[WhiteElo "1881"]
[BlackElo "1870"]
[PlyCount "82"]
[EventDate "2017.01.04"]
[EventType "swiss"]
[EventRounds "5"]
[EventCountry "CAN"]
[SourceTitle "EXT 2022"]
[Source "ChessBase"]
[SourceDate "2021.10.06"]
[SourceVersion "1"]
[SourceVersionDate "2021.10.06"]
[SourceQuality "1"]

1. Nf3 Nf6 2. b3 d5 3. e3 Nc6 4. Bb2 e6 5. Bb5 Bd7 6. Bxc6 Bxc6 7. 0-0 b6 8. d4 Be7 9. Nbd2 0-0 10. Rc1 Bb7 11. Ne5 Rc8 12. Qe2 Nd7 13. Nxd7 Qxd7 14. Rfd1 Rfd8 15. c3 Bd6 16. Nb1 Qe7 17. b4 c5 18. a3 c4 19. Nd2 e5 20. dxe5 Bxe5 21. Nf3 Bb8 22. Rd4 Rc6 23. Rcd1 Rcd6 24. Nd2 Rh6 25. Nf1 Be5 26. R4d2 Bxh2+ 27. Nxh2 Qh4 28. f3 Qxh2+ 29. Kf2 Rg6 30. Qf1 Qg3+ 31. Kg1 Re8 32. Qf2 Qe5 33. Re2 Rh6 34. Rd4 Qh5 35. Kf1 Qg6 36. Kg1 Re5 37. Rh4 Reh5 38. Rxh5 Rxh5 39. Qe1 f6 40. g4 Rh3 41. Rf2 Qh6 0-1

[Event "Montreal Mercredi 11"]
[Site "Montreal"]
[Date "2016.11.30"]
[Round "3"]
[White "Lamarche, Michel"]
[Black "Zumsteg, Nicolas"]
[Result "0-1"]
[WhiteElo "1906"]
[BlackElo "1848"]
[PlyCount "84"]
[EventDate "2016.11.16"]
[EventType "swiss"]
[EventRounds "5"]
[EventCountry "CAN"]
[SourceTitle "EXT 2022"]
[Source "ChessBase"]
[SourceDate "2021.10.06"]
[SourceVersion "1"]
[SourceVersionDate "2021.10.06"]
[SourceQuality "1"]

1. e4 e5 2. Nf3 Nc6 3. Bb5 a6 4. Ba4 Be7 5. 0-0 b5 6. Bb3 d6 7. Bd5 Bb7 8. c3 Nf6 9. d4 exd4 10. Nxd4 Nxd5 11. Nxc6 Bxc6 12. exd5 Bd7 13. Be3 0-0 14. b3 Re8 15. Qd3 Bf6 16. Nd2 g6 17. Nf3 Bf5 18. Qd2 Be4 19. Ng5 Qd7 20. Rac1 Qf5 21. c4 bxc4 22. Nxe4 Rxe4 23. Rxc4 Rxc4 24. bxc4 Rb8 25. Bd4 Bxd4 26. Qxd4 Qc2 27. g3 Rb1 28. Rxb1 Qxb1+ 29. Kg2 Qxa2 30. g4 a5 31. g5 Qe2 32. c5 Qe7 33. cxd6 Qxg5+ 34. Kf1 cxd6 35. Qc4 Qd2 36. Qc6 Qb4 37. Ke2 a4 38. Kd3 a3 39. Qc8+ Kg7 40. Qc3+ Qxc3+ 41. Kxc3 Kf6 42. Kb3 Ke5 0-1

[Event "Quebec op U2000"]
[Site "Montreal"]
[Date "2016.07.25"]
[Round "4.31"]
[White "Filiatreault, Marc"]
[Black "Zumsteg, Nicolas"]
[Result "1-0"]
[WhiteElo "1871"]
[BlackElo "1793"]
[PlyCount "81"]
[EventDate "2016.07.23"]
[EventType "swiss"]
[EventRounds "8"]
[EventCountry "CAN"]
[SourceTitle "EXT 2022"]
[Source "ChessBase"]
[SourceDate "2021.10.06"]
[SourceVersion "1"]
[SourceVersionDate "2021.10.06"]
[SourceQuality "1"]

1. e4 c5 2. Nf3 g6 3. c4 Bg7 4. d4 cxd4 5. Nxd4 Nc6 6. Be3 d6 7. Nc3 Nf6 8. f3 0-0 9. Rc1 Bd7 10. Be2 Rc8 11. 0-0 a6 12. Qd2 Re8 13. Rfd1 Ne5 14. b3 Qa5 15. Nd5 Qxd2 16. Rxd2 Nxd5 17. exd5 b5 18. Rdc2 bxc4 19. bxc4 Ba4 20. Rb2 Rb8 21. Rcb1 Nd7 22. Rb7 Rxb7 23. Rxb7 e6 24. dxe6 fxe6 25. Nb3 Ne5 26. Rb6 d5 27. Rxa6 dxc4 28. Rxa4 cxb3 29. axb3 Rb8 30. b4 Bf8 31. b5 Nd7 32. Bc4 Bc5 33. Bxe6+ Kf8 34. Bxc5+ Nxc5 35. Rf4+ Ke7 36. Bc4 Ne6 37. Re4 Rb6 38. Rxe6+ Rxe6 39. Bxe6 Kxe6 40. Kf2 Kd5 41. Kg3 1-0

[Event "Montreal Mercredi 03"]
[Site "Montreal"]
[Date "2016.04.13"]
[Round "3"]
[White "Johnson Constantin, Matthieu"]
[Black "Zumsteg, Nicolas"]
[Result "1-0"]
[WhiteElo "1848"]
[BlackElo "1878"]
[PlyCount "59"]
[EventDate "2016.03.30"]
[EventType "swiss"]
[EventRounds "5"]
[EventCountry "CAN"]
[SourceTitle "EXT 2022"]
[Source "ChessBase"]
[SourceDate "2021.10.06"]
[SourceVersion "1"]
[SourceVersionDate "2021.10.06"]
[SourceQuality "1"]

1. e4 c5 2. Nf3 g6 3. d4 cxd4 4. Qxd4 Nf6 5. e5 Nc6 6. Qc4 Qa5+ 7. Bd2 Nxe5 8. Bxa5 Nxc4 9. Bxc4 Bg7 10. Bc3 0-0 11. 0-0 d5 12. Bb3 e6 13. Nbd2 a5 14. a4 Rd8 15. Rad1 Bd7 16. Rfe1 b5 17. axb5 Bxb5 18. Bxf6 Bxf6 19. c4 a4 20. cxb5 axb3 21. Nxb3 Bxb2 22. Nfd4 Kf8 23. Nc5 Rd6 24. Nc6 d4 25. Ne4 Rd5 26. b6 Rb5 27. Nc5 Rc8 28. Nd7+ Ke8 29. Nf6+ Kf8 30. Na7 1-0

[Event "Montreal Mercredi 03"]
[Site "Montreal"]
[Date "2016.03.30"]
[Round "1"]
[White "Zumsteg, Nicolas"]
[Black "Brassard, Sylvain"]
[Result "1/2-1/2"]
[WhiteElo "1878"]
[BlackElo "1809"]
[PlyCount "108"]
[EventDate "2016.03.30"]
[EventType "swiss"]
[EventRounds "5"]
[EventCountry "CAN"]
[SourceTitle "EXT 2022"]
[Source "ChessBase"]
[SourceDate "2021.10.06"]
[SourceVersion "1"]
[SourceVersionDate "2021.10.06"]
[SourceQuality "1"]

1. e4 Nf6 2. e5 Nd5 3. d4 d6 4. Nf3 dxe5 5. Nxe5 c6 6. c3 Nd7 7. f4 Nxe5 8. fxe5 Bf5 9. Bd3 Be6 10. 0-0 g6 11. Qe2 Bg7 12. Nd2 0-0 13. Ne4 Bf5 14. Rxf5 gxf5 15. Ng5 e6 16. Qh5 h6 17. Nf3 Qe8 18. Bxh6 f6 19. Qh4 Qg6 20. Bxg7 Kxg7 21. exf6+ Qxf6 22. Qg3+ Qg6 23. Qe5+ Qf6 24. Qg3+ Qg6 25. Qe5+ Kg8 26. Re1 Rae8 27. c4 Nf6 28. Re3 Ng4 29. Qg3 Kf7 30. h3 Qh6 31. Re1 Nf6 32. Ne5+ Ke7 33. Ng6+ Kd7 34. Nxf8+ Rxf8 35. c5 Ne8 36. Bc4 Rf6 37. Qe5 Qg6 38. b4 f4 39. Rf1 f3 40. Rxf3 Rxf3 41. Bxe6+ Kd8 42. Qb8+ Ke7 43. Qxb7+ Kf8 44. Qxc6 Qb1+ 45. Kh2 Rf1 46. Bc4 Rh1+ 47. Kg3 Qe1+ 48. Kg4 Qd1+ 49. Kh4 Qxd4+ 50. g4 Qh8+ 51. Kg5 Qg7+ 52. Kh4 Qh8+ 53. Kg5 Qg7+ 54. Kh4 Qh8+ 1/2-1/2

[Event "Pere Noel op"]
[Site "Montreal"]
[Date "2015.12.28"]
[Round "3.19"]
[White "Zumsteg, Nicolas"]
[Black "Petit, Raymond"]
[Result "1-0"]
[WhiteElo "1755"]
[BlackElo "1878"]
[PlyCount "87"]
[EventDate "2015.12.26"]
[EventType "swiss"]
[EventRounds "5"]
[EventCountry "CAN"]
[SourceTitle "EXT 2019"]
[Source "ChessBase"]
[SourceDate "2018.10.10"]
[SourceVersion "1"]
[SourceVersionDate "2018.10.10"]
[SourceQuality "1"]

1. e4 e6 2. d4 d5 3. Nd2 dxe4 4. Nxe4 Nf6 5. Nxf6+ gxf6 6. Nf3 Bd7 7. Bf4 Bd6 8. Bg3 Nc6 9. Be2 Ne7 10. 0-0 Nf5 11. Bxd6 cxd6 12. Bd3 Ne7 13. Re1 Qa5 14. c4 0-0-0 15. a3 Qh5 16. Nd2 Qh6 17. Be4 Bc6 18. b4 Rdg8 19. Bxc6 Nxc6 20. Ne4 Qg6 21. g3 Rd8 22. d5 Ne5 23. dxe6 Nxc4 24. e7 Rd7 25. Nxf6 Rxe7 26. Rxe7 Qxf6 27. Qg4+ Kb8 28. Rae1 Ne5 29. R1xe5 dxe5 30. Qd7 Qb6 31. Re8+ Rxe8 32. Qxe8+ Kc7 33. Qxf7+ Kc8 34. Qe8+ Kc7 35. Qxe5+ Kd7 36. Qg7+ Kc8 37. Qg8+ Kd7 38. Qxh7+ Ke8 39. Qg8+ Ke7 40. Qg5+ Kd7 41. Qd5+ Ke8 42. Qe4+ Kd7 43. Qf5+ Ke8 44. Qf3 1-0

[Event "Pere Noel op"]
[Site "Montreal"]
[Date "2015.12.26"]
[Round "1.14"]
[White "Zumsteg, Nicolas"]
[Black "Landry, Sylvain"]
[Result "0-1"]
[WhiteElo "1755"]
[BlackElo "2059"]
[PlyCount "100"]
[EventDate "2015.12.26"]
[EventType "swiss"]
[EventRounds "5"]
[EventCountry "CAN"]
[SourceTitle "EXT 2019"]
[Source "ChessBase"]
[SourceDate "2018.10.10"]
[SourceVersion "1"]
[SourceVersionDate "2018.10.10"]
[SourceQuality "1"]

1. e4 c5 2. Nf3 d6 3. d4 cxd4 4. Nxd4 Nf6 5. Nc3 a6 6. Bg5 e6 7. f4 Qb6 8. Nb3 Qc7 9. Qf3 Nbd7 10. 0-0-0 Be7 11. g4 b5 12. Bxf6 Nxf6 13. g5 Nd7 14. Bd3 Bb7 15. Qg3 b4 16. Ne2 a5 17. Kb1 a4 18. Nbd4 d5 19. e5 b3 20. cxb3 a3 21. bxa3 Bxa3 22. Nb5 Qa5 23. Nxa3 Qxa3 24. Rd2 0-0 25. Rc1 Rfc8 26. Rxc8+ Bxc8 27. Qe1 Qa5 28. Qc1 Bb7 29. Qc3 Qb6 30. Qd4 Qa5 31. b4 Qa3 32. Bb5 Nf8 33. Qc3 Qa7 34. Qd4 Qa3 35. Qb2 Qf3 36. Qc3 Qh1+ 37. Kb2 Rc8 38. Ng3 Qe1 39. Qd4 Rc1 40. Kb3 Ng6 41. Ka4 Rc8 42. Ka5 Qc1 43. Ne2 Ra8+ 44. Kb6 Qc8 45. Qc5 Qb8 46. Bd7 Ba6+ 47. Kc6 Bb7+ 48. Kb5 Bc6+ 49. Kxc6 Ra6+ 50. Qb6 Qxb6# 0-1

[Event "Montreal Mercredi 11"]
[Site "Montreal"]
[Date "2015.11.18"]
[Round "1"]
[White "Jacquet, Stephane"]
[Black "Zumsteg, Nicolas"]
[Result "1-0"]
[WhiteElo "1979"]
[BlackElo "1802"]
[PlyCount "133"]
[EventDate "2015.11.18"]
[EventType "swiss"]
[EventRounds "5"]
[EventCountry "CAN"]
[SourceTitle "EXT 2022"]
[Source "ChessBase"]
[SourceDate "2021.10.06"]
[SourceVersion "1"]
[SourceVersionDate "2021.10.06"]
[SourceQuality "1"]

1. d4 Nf6 2. c4 g6 3. Nc3 Bg7 4. e4 d6 5. Nf3 0-0 6. Be2 e5 7. 0-0 Nc6 8. d5 Ne7 9. Ne1 Ne8 10. Be3 f5 11. f3 f4 12. Bf2 g5 13. Rc1 Rf7 14. c5 Bf8 15. Nb5 a6 16. cxd6 cxd6 17. Nc7 Nxc7 18. Bb6 Nc6 19. dxc6 bxc6 20. Bc4 Rb8 21. Ba5 Qe7 22. Bxf7+ Qxf7 23. Bxc7 Qxc7 24. Rf2 Rb6 25. Rfc2 Be6 26. b3 h5 27. h3 Qd7 28. Rc3 a5 29. Qc2 c5 30. Qf2 a4 31. Qc2 axb3 32. axb3 Qb7 33. Rb1 c4 34. Rxc4 Bxc4 35. Qxc4+ Kg7 36. b4 d5 37. exd5 Rxb4 38. Rxb4 Qxb4 39. Qxb4 Bxb4 40. Nd3 Bd6 41. Kf1 Kf6 42. Nf2 Kf5 43. Ke2 Bc7 44. Kd3 Bb6 45. Ne4 g4 46. hxg4+ hxg4 47. Nd6+ Kg5 48. Ke4 gxf3 49. gxf3 Kf6 50. Kd3 Bd8 51. Kc4 Ba5 52. Kb5 Be1 53. Kc6 Kg5 54. Ne4+ Kh4 55. Kb5 Kh3 56. d6 Kg2 57. Nd2 Bxd2 58. d7 Kxf3 59. d8Q Be3 60. Qd5+ Ke2 61. Qxe5 f3 62. Qh5 Kf2 63. Kc4 Kg2 64. Qg4+ Kh2 65. Kd3 Bb6 66. Ke4 Kh1 67. Kxf3 1-0

[Event "Mercredi 2015.09.02 ABCD"]
[Site "Montreal"]
[Date "2015.09.23"]
[Round "4"]
[White "Zumsteg, Nicolas"]
[Black "Baran, Marius"]
[Result "1-0"]
[WhiteElo "1795"]
[BlackElo "1786"]
[PlyCount "135"]
[EventDate "2015.09.02"]
[EventType "tourn"]
[EventRounds "5"]
[EventCountry "CAN"]
[SourceTitle "EXT 2019"]
[Source "ChessBase"]
[SourceDate "2018.10.10"]
[SourceVersion "1"]
[SourceVersionDate "2018.10.10"]
[SourceQuality "1"]

1. e4 c5 2. Nf3 d6 3. d4 cxd4 4. Nxd4 Nf6 5. Nc3 g6 6. Be3 Bg7 7. f3 0-0 8. Qd2 Nc6 9. 0-0-0 d5 10. Nxc6 bxc6 11. exd5 cxd5 12. Nxd5 Nxd5 13. Qxd5 Qc7 14. Qc5 Qb7 15. Qb5 Qxb5 16. Bxb5 Rb8 17. Bc4 Bxb2+ 18. Kd2 Rd8+ 19. Ke2 Bf5 20. Bb3 a6 21. g4 Bd7 22. Rd3 Bb5 23. c4 Rxd3 24. Kxd3 Bc6 25. Ke2 Rd8 26. Rb1 Be5 27. h4 Kf8 28. Bc2 Rb8 29. Bb6 Ke8 30. c5 Bb5+ 31. Ke3 h6 32. f4 Bg7 33. a4 Bc6 34. a5 e5 35. f5 gxf5 36. Bxf5 Bf6 37. h5 Bg5+ 38. Kd3 Rb7 39. Bc8 e4+ 40. Kd4 Re7 41. Bxa6 e3 42. Re1 Rd7+ 43. Kc4 Rd2 44. Bb5 Kd7 45. Bxc6+ Kxc6 46. a6 Ra2 47. a7 Kb7 48. Kd3 Rd2+ 49. Ke4 Ra2 50. Kf3 Rf2+ 51. Ke4 Ra2 52. Rb1 Kc6 53. Re1 Kb7 54. Rb1 Kc6 55. Rb2 e2 56. a8Q+ Rxa8 57. Rxe2 Re8+ 58. Kf3 Rxe2 59. Kxe2 Kd5 60. Kf3 Bc1 61. c6 Kxc6 62. Be3 Bb2 63. Bxh6 Kd7 64. Ke4 Ke7 65. Kf5 Bh8 66. g5 Bc3 67. g6 f6 68. Bg7 1-0